000 01683nam a2200397 c 4500
001 43891
003 ES-MaCES
005 20210726135457.0
007 cr |||||||||||
008 981125s1994 sp |||||||||||00||0 spa|d
035 _a0008600000015
040 _aES-MaCES
_bspa
_cES-MaCES
245 0 0 _aDictamen 5-1994, sobre el Anteproyecto de Ley de Modernización de las Explotaciones Agrarias
300 _a50 p. (85 Kb.)
593 _cAgricultura, Pesca y Políticas Sectoriales
_iD-005-1994
_f19940706
_sPleno ordinario
_vPresentes 42, Si 39, No 1 y Abstenciones 2
_yASAJA
_yCOAG
_yCC.OO.
_yD. Miguel Iriondo Azurmendi del Sector Marítimo Pesquero
650 4 _apolítica comunitaria
_930776
650 4 _apolítica agraria
_927494
650 4 _aasociación agropecuaria
_929774
650 4 _adesarrollo agrícola
_927491
650 4 _amodernización
_927016
650 4 _aempresa agrícola
_927511
650 4 _aagricultura
_927489
653 1 0 _aAgricultura-Ganadería
700 1 _aMatía Prim, Javier
_einterviniente
_918147
700 1 _aEspinosa Fernández, Luis
_einterviniente
_911427
700 1 _aMarín García, Francisco
_einterviniente
_917556
700 1 _aBarato Triguero, Pedro
_einterviniente
_97045
700 1 _aGonzález del Castillo, José Luis
_einterviniente
_913784
700 1 _aMoraleda Quílez, Fernando
_einterviniente
_918996
700 1 _aMoraleda Quílez, Fernando
_eponente
_918996
710 1 _aEspaña
_bMinisterio de Agricultura, Pesca y Alimentación
_esolicitante
_93225
856 _uhttp://www.ces.es/documents/DIC/1994/05
_ytexto completo
902 _aDictamen
942 _2CES
_cDI
_h5.0.
999 _c43891
_d43891